000 00457pab a2200157 454500
008 180718b2012 xxu||||| |||| 00| 0 eng d
100 _aAliverti, Ana
245 _aExploring the function of criminal law in the policing of foreigners: The decision to prosecute immigration-related offence
260 _c2012
300 _ap.511-527.
362 _aDec
650 _aImmigration
773 _aSocial and Legal Studies
908 _aN
909 _a102130
999 _c102128
_d102128